Ashgate handbook of endocrine agents and steroids

Providing records for all the major drugs currently used in endocrinology, Milne, long a researcher at the National Institutes of Health, presents monographs for 818 endocrine agents and steroids. For each, he identifies the chemical name and a list of trade names and synonyms; the Chemical Abstract...

全面介绍

Đã lưu trong:
书目详细资料
主要作者: Milne, George W. A.
格式: 图书
语言:Undetermined
出版: Aldershot, England Ashgate Pub 2000
主题:
标签: 添加标签
没有标签, 成为第一个标记此记录!
Thư viện lưu trữ: Trung tâm Học liệu Trường Đại học Cần Thơ
LEADER 01429nam a2200217Ia 4500
001 CTU_137930
008 210402s9999 xx 000 0 und d
020 |c 180 
082 |a 615.36 
082 |b M659 
100 |a Milne, George W. A. 
245 0 |a Ashgate handbook of endocrine agents and steroids 
245 0 |c Edited by G.W.A. Milne 
260 |a Aldershot, England 
260 |b Ashgate Pub 
260 |c 2000 
520 |a Providing records for all the major drugs currently used in endocrinology, Milne, long a researcher at the National Institutes of Health, presents monographs for 818 endocrine agents and steroids. For each, he identifies the chemical name and a list of trade names and synonyms; the Chemical Abstracts Service Registry Number; the European Inventory of Existing Commercial Chemical Substances Number; and the Merck Index Number from the 12th edition. He describes the physical properties of each compound, known biological activity, indicated applications, structure, any acute toxicity data, and the manufacturers and suppliers. They are listed by function and indexed by name and synonym and numbers. 
650 |a Endocrine glands,Steroid drugs,Hormone therapy,Thuốc Steroid,Hoóc môn liệu pháp,Tuyến nội tiết 
650 |x Effect of drugs on,Ảnh hưởng của thuốc 
904 |i Trọng Hải 
980 |a Trung tâm Học liệu Trường Đại học Cần Thơ